MDQL
is popping MORE tags! Check the
thread
!
Quizzes
Events
Quiz Creation
Community
Videos
Private Events
Remove Ads
Sign In
Join for FREE
Feedback
Dark Mode
Quiz Categories
Sports
Geography
Music
Movies
Television
Just For Fun
Miscellaneous
History
Literature
Language
Science
Gaming
Entertainment
Religion
Holiday
For Kids
Quiz Lab
Recent
Popular Today
Quiz Kudos Today
Editor Picks
Curator Picks
Quizzes by...
Day
Popularity
Type
Ratings
Length
Year
Community
Subscriptions
Recent Discussions
Orange Saloon
Badges
Playlists
Quests
Create
Leaderboards
Showdown
Live 5
Trivia Bingo
Activity
Puzzle Library
Sporcle Events
Private Events
Virtual Trivia
Globe League
Become a Host
Pub Owners
SporcleCon
Opinionation
Our Games
Videos
Blog
Mobile Apps
Partnerships
Remove Ads and Go Orange
Feedback
Television
TV Characters
TV Show
Sitcom
Network
Friends
Reality Shows
Cast
South Park
Star Trek
The Simpsons
Doctor Who
Television
TV Characters
TV Show
Sitcom
Network
Friends
Reality Shows
Cast
South Park
Star Trek
The Simpsons
Doctor Who
Random Quiz
Search Sporcle
×
Quiz Lab
Quiz Lab
Television
Reality Shows
Type in answers that appear in a list
Type in answers that appear in a list
Classic
Best Score? Go Orange.
Bad Girls Club Cities Stats
Can you name the Bad Girls Club Cities
By
NobodyCares
6m
17 Questions
277 Plays
277 Plays
277 Plays
Comments
Comments
Give Quiz Kudos
Give Quiz Kudos
-
- Ratings
hide this ad
More Info
Replay
Link that replays current quiz
Next Quiz
Link to next quiz in quiz playlist
You Got
0%
They Got
Avg Score
83%
Avg Friend Score
Upgrade to see
Score Distribution
Jump to the score distribution portion of the page
Score
0/17
Timer
06:00
0
Plays Today
Season
City Filmed In
% Correct
Fifteen (Twisted Sisters)
Los Angeles, California
98.6%
Sixteen (Social Disruption)
Los Angeles, California
98.5%
Seventeen (East Meets West)
Los Angeles, Califronia
98.4%
Thirteen (Redemption)
Los Angeles, California
98.2%
One
Los Angeles, California
98.2%
Two
Los Angeles, California
98.2%
Three
Los Angeles, California
98.2%
Four
Los Angeles, California
98.2%
Six
Los Angeles, California
98.2%
Season
City Filmed In
% Correct
Fourteen (Back for More)
Los Angeles, California
97.8%
Ten
Atlanta, Georgia
95.3%
Twelve
Chicago, Illinois
94.6%
Five
Miami, Florida
93.9%
Eleven
Miami, Florida
93.9%
Seven
New Orleans, Louisiana
92.1%
Eight
Las Vegas, Nevada
92.1%
Nine
Cabo San Lucas, Baja California Sur, Mexico
76.5%
Quiz Playlist
Details
Report
Send in Message
Add To Playlist
More Info:
Can you name the seasons used during Bad Girls Club filming?
Classic:
Type in answers that appear in a list
Quiz Source
Last Updated: Apr 3, 2020
Quiz Scoreboard
CHALLENGE
Sign Up to Join the Scoreboard
Show All
Scores
Hide
Comments
May contain spoilers
Recently Published
Two Season TV Shows II
by 123Four
Television
10m
Image Sorting: Flags VI
by Barbecue
Geography
2m
Find the 'City' Movie
by crazypaving
Movies
60s
More to Explore
Quiz From the Vault
Featured Blog Post
14 Easter Pick-up Lines to Find Eggs With
hide this ad
You Might Also Like...
Tags
Reality Shows Quiz
club
location
season
Season 1
Season 2
Season 3
Season 5
Season 6
Season 8
Season 9
Today's Top Quizzes in Television
Browse Television
hide this ad
Today's Top Quizzes in Reality Shows
Browse Reality Shows
Top Contributed Quizzes in Television
1
Survivor Journey Challenge
2
Brooklyn Nine Nine Logic Puzzle (How-To-Play)
3
Adjectives in 00s TV Shows
4
Total Drama Characters
5
Survivor Logic Puzzle: Heroes vs. Villains
6
Phoebe Buffay Quotes
7
Survivor Heroes vs. Villains Logic Puzzle
8
Survivor Trivia
9
Emmerdale Characters (from August 2012)
10
Adjectives in 10s TV Shows
Explore More
Trending Topics
Kpop
Harry Potter
Crossword
NBA
Anime
Disney
Marvel
Soccer
Puzzle
WWE
Song
Country
Pokémon
NFL
The Office
hide this ad
More By:
NobodyCares
Quiz
Plays
Rating
Category
Featured
Created
RuPaul's Drag Race Winners by Crowning Looks
7,989
4.42
Television
Jan 31, 2019
Super Sentai Seasons
6,711
5.00
Television
Jan 12, 2014
Bad Girls Club Participants
5,858
5.00
Television
Jul 12, 2013
Pretty Little Liars Characters by Image
5,386
4.33
Television
Jan 31, 2019
Power Rangers Seasons
5,323
4.88
Television
Jul 11, 2013
Go to Creator's Profile
Score Distribution
Quiz Creator Spotlight
NobodyCares
Follow
Send a Message
Quizzes Created
-
Created Quiz Play Count
-
More By This Creator
Popular Quizzes Today
1
Find the US States - No Outlines Minefield
2
Colored Red Africa Blitz
3
Find the 'City' Movie
4
5x2 Blitz: Bands
5
The Countries of the World
6
Find the Countries of Europe - No Outlines Minefield
7
Find the US States
8
US States
More Television Quizzes
70th Emmy Comedy Actor Nominees (Picture Click)
Curator's Pick
Trending Quizzes
Colored Red Europe Blitz I
Colored Red Africa Blitz II
Colored Red Europe Blitz II
Colored Red Africa Blitz III
Colored Red Europe Blitz III
Recently Updated
How Do You Spell That?
pecheneg
Godzilla Movies
pecheneg
Grab Bag: 4-10 Letters
pecheneg
2024 March Madness Bracket
pecheneg
Famous TV Couples
Peacemaker
Champions League XIs: Real Madrid
pecheneg
Largest US Cities 1790-2010
pecheneg
Rides in Walt Disney World
pecheneg
Most Oscar Losses (Acting)
pecheneg
Beyoncé Albums
pecheneg
Trending Topics
Disney
Kpop
NBA
Anime
Harry Potter
Marvel
Crossword
Country
Soccer
Song
NFL
Pokémon
WWE
The Office
Puzzle
Your Account Isn't Verified!
In order to create a playlist on Sporcle, you need to verify the email address you used during registration. Go to your
Sporcle Settings
to finish the process.
Report this User
Report this user for behavior that violates our
Community Guidelines
.
Details:
Send Report
Go to the Sporcle.com Mobile Site →
Comments